Statistics for Objects by Picture - C

Click here to take the quiz!

General Stats

  • This quiz has been taken 594 times
  • The average score is 14 of 15

Answer Stats

Answer% Correct
Carrot
100%
Cactus
99%
Chair
99%
Cupcake
99%
Chocolate
98%
Crab
98%
Chess
97%
Cow
97%
Cucumber
97%
Cat
95%
Clown
95%
Crown
94%
Comb
90%
Cricket
67%
Conker
50%

Score Distribution

Percentile by Number Answered

Percent of People with Each Score

Your Score History

You have not taken this quiz